00533pab a2200181 454500008004000000100002200040245010700062260000900169300001400178362000800192650002300200650001300223650001300236650002500249700002300274700001800297773003600315180718b2005 xxu||||| |||| 00| 0 eng d aHuman, Sherrie E. aStudent online self-assessment: structuring individual-level learning in a new venture creation course c2005 ap.111-34. aFeb aEvaluation methods aLearning aStudents aManagement education aBaucus, Melissa S. aClark, Thomas aJournal of Management Education